[Event "Tashkent FIDE GP"]
[Site "Tashkent"]
[Date "2014.10.22"]
[Round "2"]
[White "Jobava, Baadur"]
[Black "Caruana, Fabiano"]
[Result "1/2-1/2"]
[WhiteElo "2717"]
[BlackElo "2844"]
[Annotator "Szabo,Kr"]
[PlyCount "118"]
[EventDate "2014.10.21"]
[EventType "tourn"]
[EventRounds "11"]
[EventCountry "UZB"]
[EventCategory "21"]
[SourceTitle "CBM 163"]
[Source "ChessBase"]
[SourceDate "2014.11.11"]
[SourceVersion "1"]
[SourceVersionDate "2014.11.11"]
[SourceQuality "1"]

1. e4 e5 2. Nf3 Nc6 3. Be2 {A very rare opening. Jobava wants to avoid the
main lines, he would like to play a solid Philidor defence with White.} Nf6 4.
d3 d5 5. Nbd2 Bc5 6. c3 a5 7. Qa4 O-O 8. b4 Bd6 9. O-O $2 $146 {White
continues his development, but he missed Black's strong reply.} (9. b5 Ne7 10.
O-O Ng6 11. Re1 (11. Nb3 $6 Qe7 (11... Bd7 $5) 12. Bg5 h6 13. Bxf6 Qxf6 14.
Rfe1 Nf4 15. exd5 Bh3 $1 {A very strong move by Black!} 16. Bf1 Bxg2 17. Bxg2
Qg6 18. Nh4 Qg4 $19 {with a decisive attack, Avdeenko-Keosidi, Krasnoyarsk
2009.}) 11... Bd7 $13 {with an unclear middlegame.}) 9... b5 $1 {A very strong
tactical blow! White has to take, otherwise the b4 P is lost.} 10. Qxb5 axb4 {
Now the Q is in a big trouble.} 11. exd5 ({Of course} 11. Qxc6 $2 {does not
work, because} Ra6 12. Qb5 c6 $19 {and the queen is trapped.}) 11... Na5 $6 {
This is not a bad move, but} (11... Ne7 $1 {was stronger,} 12. Re1 {White
protects the e2 B.} (12. Qc4 {could have been met by} Ba6 13. Qb3 bxc3 ({or} 
13... e4) 14. Qxc3 (14. Nc4 Nexd5 $19) 14... e4 $1 $19 {and Black is winning.})
({or} 12. cxb4 Ba6 13. Qa4 e4 $1 {is also very bad for White.}) 12... Nexd5 13.
cxb4 Nxb4 $19 {followed by Ba6, Black should be winning.}) 12. cxb4 Bd7 13.
Qxa5 Rxa5 14. bxa5 Nxd5 15. Ne4 {Black's position should be better, but the
a-P and 2 Bs can give some chance, as we will see in the game.} Qa8 16. d4 exd4
(16... Nf4 $5 {was also an interesting option. Black also wants to deprive
White of his B pair.} 17. Bxf4 exf4 18. Nxd6 cxd6 19. a6 Bc8 $17) 17. Nxd6 cxd6
18. Nxd4 Qxa5 19. Bf3 Rb8 20. a4 Qc3 21. Ba3 $1 {Still White doesn't lose his
piece.} Qxd4 22. Rad1 Qxa4 23. Bxd6 Rd8 24. Bxd5 Bg4 25. f3 Be6 (25... Rxd6 26.
fxg4 {and White has also some chance of a draw.}) 26. Bxe6 fxe6 27. Rd2 {
With all Ps on the kingside, it is very difficult to win.} e5 28. Rfd1 Qb5 29.
h3 Kf7 30. Rd5 Qe2 31. Kh2 Qc4 32. Kh1 h5 33. Kg1 {White is threatening Rxe5.}
(33. Rxe5 $5 {looks as if it loses immediately, but} Rxd6 $1 34. Rxd6 Qc1+ 35.
Kh2 Qf4+ 36. Kg1 Qxe5 37. Rc6 {and still White can't put his R on e4; he has
some drawing chances.}) 33... Qb3 34. R1d3 Qb6+ 35. Kh1 Qc6 36. Rd1 g5 37. R5d3
Qc4 $1 {Black always has to attack the R, otherwise the e5 P is hanging. Black
wants to play for g4.} 38. Rd5 g4 {This is Black's last chance.} 39. fxg4 hxg4
40. hxg4 e4 $1 {Now Black has some unpleasant threats, White's situation is
not easy.} ({In the event of} 40... Qe2 41. Bxe5 Rxd5 42. Rxd5 Ke6 43. Rc5 Qf2
{now Black wins the B, but...} 44. Bd4 $1 Qxd4 45. Rf5 Qxg4 46. Rf3 $11 {
is a well-known fortress, White just plays Rh3-f3.}) 41. Rf5+ $2 {Error, but
the position is very complicated.} (41. Kh2 {was a tough move,} Qb3 $1 (41...
e3 42. Rf5+ $1 Kg6 43. Rdd5 $11 {and Black can't avoid the perpetual checks.})
42. R1d4 Rh8+ 43. Rh5 Rxh5+ 44. gxh5 Qe3 45. Ra4 Qh6 46. Rxe4 $1 $11 {and
White survives.}) 41... Kg6 42. Rdd5 Rh8+ 43. Kg1 Qc1+ 44. Kf2 Ra8 $2 {The
last mistake.} (44... Rh1 $1 {was the winning move} 45. Rg5+ Qxg5 46. Rxg5+
Kxg5 47. Kg3 $1 (47. Ke3 $2 {loses to} Re1+ 48. Kd2 Ra1 49. Ke3 Ra4 50. Be5
Kxg4 51. Bd4 (51. Bd6 Kf5 52. g3 Ra6 53. Bc7 Ra3+ 54. Kf2 Ke6 $19) 51... Rxd4
$1 52. Kxd4 Kf4 $19 {and White is in zugzwang! Black wins!}) 47... Rf1 48. Bc5
Kf6 49. Bf2 Ke5 $19 {and Black should be winning.}) 45. Bc5 $1 $11 {From this
moment on White can hold his position.} Ra6 46. Kg3 Qe1+ 47. Kh3 Qc3+ 48. Kh2
Qh8+ 49. Rh5 Qb8+ 50. Kh3 Qf4 51. Rdf5 Qc1 52. Bf8 Re6 53. Kh2 Qc7+ 54. g3 Qc2+
55. Kh3 Qc1 $1 56. Kg2 Re8 57. Rh6+ Qxh6 58. Bxh6 Kxh6 59. Kf2 e3+ {What an
interesting game!} 1/2-1/2

[Event "United Insurance 4th"]
[Site "Dhaka"]
[Date "1999.03.02"]
[Round "12"]
[White "Zagrebelny, Sergey"]
[Black "Murshed, Niaz"]
[Result "1/2-1/2"]
[WhiteElo "2506"]
[BlackElo "2470"]
[Annotator "Tsesarsky,I"]
[PlyCount "88"]
[EventDate "1999.02.19"]
[EventType "tourn"]
[EventRounds "13"]
[EventCountry "BAN"]
[EventCategory "10"]
[SourceTitle "CBM 070"]
[Source "ChessBase"]
[SourceDate "1999.06.08"]
[SourceVersion "1"]
[SourceVersionDate "1999.06.08"]
[SourceQuality "1"]

{[%mdl 24624]} 1. e4 d6 2. d4 Nf6 3. Bd3 e5 4. c3 g6 5. Nf3 Nc6 6. O-O Bg7 7.
Re1 (7. dxe5 Nxe5 8. Nxe5 dxe5 9. Qe2 (9. Na3 Be6 10. Qc2 O-O 11. Rd1 Qe7 $11 {
1/2-1/2 Fuller,M-Miles,A/Melbourne Masters ,EXT 1992 (23)}) 9... O-O 10. Bg5 h6
11. Be3 Nh5 12. g3 Qf6 13. f3 $11 {1-0 Cooley,C-Britton,R/BCF ch Southport
1983 (30)}) (7. Na3 O-O 8. dxe5 (8. h3 Nh5 (8... h6 $11) (8... Re8 $11) 9. Bc2
Qe7 10. Re1 Nd8 (10... Re8 $132) 11. Nc4 f6 12. Ne3 c6 13. b3 $14 {1-0 Fedorov,
A-Moskalenko,V/Nikolaev zt 1993 (58)}) 8... Nxe5 9. Nxe5 dxe5 10. Bg5 h6 11.
Bh4 Qe7 12. Re1 $11 {1/2-1/2 Danielsen,H-Sokolovs,A/Debrecen EU tt DEN-LAT ,
EU-chT 1992 (59)}) (7. Qe1 O-O 8. Nbd2 Nd7 9. Nb3 Kh8 10. Bg5 f6 11. Bd2 f5 12.
exf5 gxf5 13. Bg5 Qe8 14. dxe5 dxe5 15. Nh4 $132 {1/2-1/2 Solozhenkin,
E-Gofshtein,L/Cappelle la Grande (8) 1993 (22)}) (7. h3 O-O 8. Re1 a6 9. Bc2 h6
10. Nbd2 $132) (7. Bb5 Bd7 8. d5 Nb8 9. Bxd7+ Nbxd7 10. Nbd2 (10. Re1 O-O 11.
c4 $14 {[%cal Gb1c3]}) 10... O-O 11. a4 a5 12. b4 $11 {0-1 Hamilton,R-Day
Lawrence A/Hamilton CAN ch 1994 (36)}) 7... Bg4 8. d5 (8. Bb5 Nd7 (8... O-O 9.
Bxc6 bxc6 10. dxe5 $16) 9. Bxc6 (9. d5 Ne7 10. h3 Bxf3 11. Qxf3 O-O 12. c4 f5
$132) 9... bxc6 10. Be3 Qb8 11. b3 O-O 12. Nbd2 $14) 8... Ne7 9. c4 O-O 10. Nc3
$14 c5 (10... Bd7 11. b4 $14) 11. a3 Ne8 12. h3 Bd7 (12... Bxf3 13. Qxf3 $14)
13. b4 b6 {This construction is characteristic for King Indian Opening.} 14.
Bc2 (14. Rb1 $1 Rc8 $1 $14 {[%csl Rc4]} (14... f5 15. Ng5 $1 Nc7 16. exf5 gxf5
17. bxc5 bxc5 18. Qh5 h6 19. Ne6 Nxe6 20. dxe6 Be8 (20... Bxe6 21. Bxh6 $16)
21. Qh4 e4 22. Bxh6 $1 $16)) 14... Rc8 {[%csl Rc4]} 15. bxc5 dxc5 (15... bxc5
16. Ba4 $14) 16. Ba4 Nd6 17. Bxd7 Qxd7 18. Qe2 (18. Qd3 $14) 18... Rb8 19. a4
Nb7 (19... f6 $14) 20. Be3 (20. Bb2 Na5 21. Nb5 f6 22. Rad1 Rbd8 23. Qc2 (23.
Bc3 Nb3) (23. Ra1 a6 24. Nc3 Nb3 25. Ra3 Nd4 26. Qd1 f5 $132) 23... a6 24. Na3
Nb7 25. Bc3 Nd6 26. Rb1 Rb8 $14) 20... h6 21. Nb5 a6 22. Nc3 f5 23. Reb1 Nd6 (
23... fxe4 24. Nxe4 (24. Nd2 Nf5 (24... Na5 25. g4 Rb7 26. Ndxe4 $16) 25. Rxb6
$16) 24... Nd6 25. Nxd6 Qxd6 26. Nd2 Nf5 27. Ne4 $16) 24. Bd2 $6 $14 (24. a5 $1
b5 25. cxb5 Nxe4 26. Nxe4 fxe4 27. Nd2 Rxb5 (27... Qxd5 28. b6 (28. bxa6 Nf5
29. Rb6 Rbd8 30. Nc4 Nd4 31. Qa2 $16) 28... Nf5 29. Ra4 Qd3 30. Qxd3 exd3 31.
Bxc5 $16) 28. Rxb5 axb5 29. Bxc5 $18) 24... Nec8 (24... fxe4 25. Nxe4 Nxe4 26.
Qxe4 Qf5 27. Re1 b5 28. axb5 axb5 29. Ra7 (29. Qxf5 Nxf5 30. Nxe5 Bxe5 (30...
bxc4 31. Nxg6 Bxa1 32. Nxf8 Rxf8 33. Rxa1 Rd8 34. g4 Rxd5 35. Ra2 Nd4 36. Bxh6
c3 37. Be3 c2 38. Kg2 $16) 31. Rxe5 bxc4 32. Re6 g5 $14) 29... Qxe4 30. Rxe4
Nf5 31. cxb5 Rfd8 (31... Rxb5 32. Nxe5 Nd6 33. Re1 Rb2 34. Bc3 Rc2 35. Ba1 $16)
32. Ba5 (32. Nxe5 Rxd5 33. Nf3 Rxb5 $11) 32... Rxd5 33. b6 Nd6 $11) 25. Re1
Nxe4 26. Nxe4 fxe4 27. Qxe4 Qf7 (27... Qf5 28. Qxf5 Rxf5 29. Nh4 Rf6 30. Bc3
Rf4 31. Nxg6 Rxc4 32. Bxe5 $16) 28. Bc3 $2 $15 (28. Rad1 Nd6 29. Qe2 e4 30. Nh2
$14) 28... Nd6 29. Qh4 (29. Qe2 e4 30. Ne5 Qe8 31. Qg4 Rf5 32. Qxg6 Qxg6 33.
Nxg6 Bxc3 34. Ne7+ Kf7 35. Nxf5 Nxf5 $19) 29... g5 30. Qg3 Nxc4 31. Qg4 (31.
Bxe5 Nxe5 32. Nxe5 Qf4 $1 $15 (32... Qxd5 $2 33. Ng6 Qd2 (33... Qb7 34. Nxf8
Bxa1 35. Nd7 Rc8 36. Qg4 Bg7 37. Re7 $18) 34. Rad1 Qc3 35. Nxf8 Qxg3 36. fxg3
Rxf8 37. Re6 Bd4+ 38. Kh2 b5 39. Rxa6 b4 (39... bxa4 40. Rxa4 $16) 40. a5 (40.
Rxh6 Ra8 41. Rg6+ Kf7 42. Rxg5 Rxa4 $16) 40... b3 41. Rxh6 b2 42. Rb6 $16)) (
31. Nxe5 Bxe5 32. Bxe5 Rbe8 33. Bc3 Qxd5 $17) 31... b5 32. axb5 axb5 33. Ra6 $2
$19 (33. Red1 $17) 33... Qf5 $2 (33... Qxd5 $19) 34. Qh5 $2 $19 (34. Rc6 Qxg4
35. hxg4 Rfc8 36. Bxe5 Rxc6 37. Bxb8 Ra6 $17) 34... Rb6 $2 $17 (34... b4 $19)
35. Rxb6 Nxb6 36. Bxe5 Nxd5 37. Bxg7 Kxg7 38. Re5 Nf4 $2 $11 (38... Qb1+ 39.
Re1 Qc2 (39... Qg6 40. Qxg6+ Kxg6 41. Ne5+ Kg7 42. Nd7 Rc8 43. Re5 Nf4 44. Nxc5
b4 45. f3 b3 46. Nxb3 Rc2 47. g4 Nxh3+ 48. Kh1 $11) 40. Re6 Rf6 $17) 39. Rxf5
Nxh5 40. Rxc5 Rb8 41. h4 b4 42. hxg5 b3 43. gxh6+ Kxh6 44. Nd2 b2 1/2-1/2